[Event "Dvorkovich Memorial op 8th"]
[Site "Taganrog"]
[Date "2013.07.28"]
[Round "7"]
[White "Mandrikin, Igor"]
[Black "Gunchenko, Vadim"]
[Result "1-0"]
[WhiteElo "2311"]
[BlackElo "1990"]
[PlyCount "99"]
[EventDate "2013.07.22"]
[EventType "swiss"]
[EventRounds "9"]
[EventCountry "RUS"]
[SourceTitle "CBM 155 Extra"]
[Source "ChessBase"]
[SourceDate "2013.08.26"]
[SourceVersion "1"]
[SourceVersionDate "2013.08.26"]
[SourceQuality "1"]

1. e4 e5 2. Nf3 d6 3. d4 exd4 4. Nxd4 Nf6 5. Nc3 Be7 6. Be2 0-0 7. 0-0 Re8 8. f4 Bf8 9. Bf3 c5 10. Nde2 Nc6 11. b3 Bg4 12. Bxg4 Nxg4 13. h3 Nf6 14. Ng3 g6 15. Bb2 Bg7 16. Qd3 Nd4 17. Rad1 Qd7 18. Nb1 Qc6 19. Nd2 Nb5 20. a4 Nc7 21. Bxf6 Bxf6 22. Nf3 Rad8 23. c4 Ne6 24. Ne2 Nc7 25. Nd2 Ne6 26. Kh1 Nd4 27. Nc3 Bg7 28. Nd5 f5 29. Rfe1 Qd7 30. Re3 Re6 31. exf5 Nxf5 32. Rxe6 Qxe6 33. Nf3 Qd7 34. g4 Ne7 35. Re1 Nxd5 36. Qxd5+ Qf7 37. Qxf7+ Kxf7 38. Ng5+ Kg8 39. Re7 Bf6 40. Rxb7 Bxg5 41. fxg5 d5 42. cxd5 Rxd5 43. Rxa7 Rxg5 44. Rc7 h5 45. a5 c4 46. a6 cxb3 47. a7 Ra5 48. Rc8+ Kg7 49. a8Q b2 50. Qb7+ 1-0

[Event "Dvorkovich Memorial op"]
[Site "Taganrog"]
[Date "2013.01.22"]
[Round "8"]
[White "Kornyukov, Alexey"]
[Black "Mandrikin, Igor"]
[Result "1-0"]
[WhiteElo "2460"]
[BlackElo "2273"]
[PlyCount "63"]
[EventDate "2013.01.15"]
[EventType "swiss"]
[EventRounds "9"]
[EventCountry "RUS"]
[SourceTitle "CBM 152 Extra"]
[Source "ChessBase"]
[SourceDate "2013.02.25"]
[SourceVersion "1"]
[SourceVersionDate "2013.02.25"]
[SourceQuality "1"]

1. d4 d5 2. c4 c6 3. Nf3 Nf6 4. e3 e6 5. Nbd2 Nbd7 6. Bd3 Bd6 7. 0-0 0-0 8. e4 dxe4 9. Nxe4 Nxe4 10. Bxe4 h6 11. Bc2 e5 12. Re1 exd4 13. Qxd4 Nf6 14. Rd1 Be7 15. Qe5 Qe8 16. h3 Be6 17. Nd4 Bd7 18. Bxh6 gxh6 19. Re1 c5 20. Nf5 Bxf5 21. Bxf5 Qc6 22. Qg3+ Kh8 23. Rxe7 Rg8 24. Bg4 Nxg4 25. hxg4 Rg7 26. Rd1 Qa4 27. Rd6 Qxc4 28. Rxh6+ Kg8 29. Qe3 Qb5 30. Qh3 Kf8 31. Re5 Rg8 32. Rh8 1-0

[Event "South FR-ch"]
[Site "Armavir"]
[Date "2012.03.??"]
[Round "4"]
[White "Kudelya, Igor"]
[Black "Mandrikin, Igor"]
[Result "1-0"]
[WhiteElo "2088"]
[BlackElo "2278"]
[PlyCount "47"]
[EventDate "2012.03.11"]
[EventType "swiss"]
[EventRounds "9"]
[EventCountry "RUS"]
[SourceTitle "EXT 2023"]
[Source "ChessBase"]
[SourceDate "2022.10.05"]
[SourceVersion "1"]
[SourceVersionDate "2022.10.05"]
[SourceQuality "1"]

1. e4 c5 2. Nf3 d6 3. d4 cxd4 4. Nxd4 Nf6 5. f3 g6 6. c4 Bg7 7. Be3 Nc6 8. Nc2 Be6 9. Nc3 Rc8 10. Qd2 Nd7 11. Be2 0-0 12. 0-0 a6 13. b3 Qa5 14. Nd4 Nxd4 15. Bxd4 b5 16. Bxg7 Kxg7 17. Qd4+ f6 18. Nd5 Bxd5 19. Qxd5 Rc5 20. Qe6 Qd8 21. f4 f5 22. exf5 Rcxf5 23. Qe3 R5f6 24. cxb5 1-0

[Event "South FR-ch"]
[Site "Armavir"]
[Date "2012.03.??"]
[Round "1"]
[White "Mandrikin, Igor"]
[Black "Aivazian, Grigory"]
[Result "1-0"]
[WhiteElo "2278"]
[BlackElo "1939"]
[PlyCount "97"]
[EventDate "2012.03.11"]
[EventType "swiss"]
[EventRounds "9"]
[EventCountry "RUS"]
[SourceTitle "EXT 2023"]
[Source "ChessBase"]
[SourceDate "2022.10.05"]
[SourceVersion "1"]
[SourceVersionDate "2022.10.05"]
[SourceQuality "1"]

1. e4 c5 2. Nf3 e6 3. d4 cxd4 4. Nxd4 a6 5. Nc3 b5 6. Be3 Bb7 7. Bd3 Qc7 8. 0-0 Nf6 9. Qf3 Be7 10. Nb3 0-0 11. Bf4 d6 12. a4 b4 13. Na2 Nc6 14. Qh3 e5 15. Be3 Bc8 16. Qg3 Be6 17. Nac1 a5 18. Ne2 Rfc8 19. h3 d5 20. exd5 Bxd5 21. Bf5 Rd8 22. Nd2 Kh8 23. c4 Be6 24. Bxe6 fxe6 25. Nf3 Ne4 26. Qg4 Nc5 27. Bxc5 Bxc5 28. Ng5 Nd4 29. Nxd4 Rxd4 30. Nxe6 Rxg4 31. Nxc7 Rc8 32. hxg4 Rxc7 33. Rad1 Bd4 34. b3 g5 35. g3 Re7 36. Kg2 h6 37. Kf3 e4+ 38. Ke2 Ba7 39. Rd8+ Kg7 40. Rfd1 Bb6 41. R8d7 Kf6 42. R1d6+ Re6 43. Rxe6+ Kxe6 44. Rh7 Ke5 45. Rxh6 Bd8 46. Rh8 Bb6 47. Rb8 Bc7 48. Rb5+ Kd4 49. Kd2 1-0

[Event "South FR-ch"]
[Site "Armavir"]
[Date "2012.03.??"]
[Round "3"]
[White "Mandrikin, Igor"]
[Black "Tvelov, Boris"]
[Result "1/2-1/2"]
[WhiteElo "2278"]
[BlackElo "1822"]
[PlyCount "134"]
[EventDate "2012.03.11"]
[EventType "swiss"]
[EventRounds "9"]
[EventCountry "RUS"]
[SourceTitle "EXT 2023"]
[Source "ChessBase"]
[SourceDate "2022.10.05"]
[SourceVersion "1"]
[SourceVersionDate "2022.10.05"]
[SourceQuality "1"]

1. d4 Nf6 2. c4 c5 3. Nf3 e6 4. Nc3 cxd4 5. Nxd4 a6 6. g3 Qc7 7. Qa4 Nc6 8. Ndb5 Qb8 9. Na3 d6 10. Bf4 Bd7 11. Bg2 h6 12. 0-0 e5 13. Be3 Be7 14. Qb3 0-0 15. Na4 Na5 16. Qb4 Bxa4 17. Qxa4 Qc7 18. Rac1 Nc6 19. h3 Nd7 20. b4 f5 21. Bd5+ Kh8 22. Bd2 Nf6 23. Qd1 Qb6 24. Bg2 Rad8 25. b5 axb5 26. cxb5 Nd4 27. e3 Ne6 28. Bb4 Rfe8 29. Qc2 e4 30. Qd2 Ra8 31. Rfd1 d5 32. Bxe7 Rxe7 33. Qb4 Rd7 34. Bf1 Qa5 35. Qxa5 Rxa5 36. Rc3 d4 37. exd4 Nxd4 38. Kg2 Kh7 39. b6 Nc6 40. Rb1 Nd5 41. Rxc6 bxc6 42. b7 Rxb7 43. Rxb7 Rxa3 44. Bc4 f4 45. g4 Rc3 46. Bb3 Kg6 47. Rd7 Rc5 48. Rd6+ Kg5 49. Re6 Nc3 50. a4 f3+ 51. Kh2 Kf4 52. Re7 Nd5 53. Rxg7 Rc3 54. Bxd5 cxd5 55. Rf7+ Ke5 56. Rf5+ Ke6 57. Kg3 Ra3 58. Rh5 Rxa4 59. Kf4 Ra2 60. Rxh6+ Ke7 61. Kg3 Ra1 62. Rh5 Ke6 63. Kf4 Ra2 64. Rh6+ Ke7 65. Rh7+ Ke6 66. Rh6+ Ke7 67. Rh7+ Ke6 1/2-1/2

[Event "South FR-ch"]
[Site "Armavir"]
[Date "2012.03.??"]
[Round "2"]
[White "Panarin, Mikhail"]
[Black "Mandrikin, Igor"]
[Result "1-0"]
[WhiteElo "2523"]
[BlackElo "2278"]
[PlyCount "75"]
[EventDate "2012.03.11"]
[EventType "swiss"]
[EventRounds "9"]
[EventCountry "RUS"]
[SourceTitle "EXT 2023"]
[Source "ChessBase"]
[SourceDate "2022.10.05"]
[SourceVersion "1"]
[SourceVersionDate "2022.10.05"]
[SourceQuality "1"]

1. e4 c6 2. c4 d5 3. cxd5 cxd5 4. exd5 Nf6 5. Qa4+ Nbd7 6. Nc3 g6 7. Bc4 Bg7 8. d3 0-0 9. Nf3 a6 10. Qa3 Qc7 11. 0-0 Ne5 12. Nxe5 Qxe5 13. h3 Bf5 14. Be3 b5 15. Bb3 Rfb8 16. Qb4 a5 17. Qh4 Rb7 18. Rfe1 Qd6 19. Ne4 Qd8 20. d6 Bxe4 21. dxe4 Qxd6 22. Rad1 Qb8 23. Bf4 e5 24. Bg5 Ra6 25. Rd3 Rd7 26. Rxd7 Nxd7 27. Rc1 Rd6 28. a3 Nf8 29. Qg4 Rd7 30. Qe2 b4 31. Bd5 bxa3 32. bxa3 Rc7 33. Rc4 h6 34. Bd2 Ra7 35. Qe1 a4 36. Qc1 Kh7 37. Be3 Ra6 38. Rc8 1-0

[Event "Azov Don Cup"]
[Site "Azov"]
[Date "2011.07.15"]
[Round "8"]
[White "Travkina, Anastasia"]
[Black "Mandrikin, Igor"]
[Result "1/2-1/2"]
[WhiteElo "2176"]
[BlackElo "2265"]
[PlyCount "56"]
[EventDate "2011.07.09"]
[EventType "swiss"]
[EventRounds "9"]
[EventCountry "RUS"]
[SourceTitle "EXT 2012"]
[Source "ChessBase"]
[SourceDate "2011.11.24"]
[SourceVersion "1"]
[SourceVersionDate "2011.11.24"]
[SourceQuality "1"]

1. e4 c6 2. d4 d5 3. exd5 cxd5 4. c3 Nf6 5. Bf4 Nc6 6. Nf3 Bf5 7. Qb3 Qc8 8. Ne5 a6 9. Be2 e6 10. Nd2 Be7 11. g4 Nxe5 12. dxe5 Nxg4 13. Rg1 g5 14. Bxg4 Bxg4 15. Rxg4 gxf4 16. Qa4+ Qd7 17. Qxf4 h5 18. Rg3 0-0-0 19. Rg7 Rdf8 20. 0-0-0 f6 21. Nc4 Qc7 22. Nb6+ Kb8 23. Rxe7 Qxe7 24. exf6+ Qc7 25. Nd7+ Kc8 26. Qxc7+ Kxc7 27. Nxf8 Rxf8 28. Kd2 Rxf6 1/2-1/2

[Event "Azov Don Cup"]
[Site "Azov"]
[Date "2011.07.10"]
[Round "3"]
[White "Mandrikin, Igor"]
[Black "Kotenko, Pavel"]
[Result "1-0"]
[WhiteElo "2265"]
[BlackElo "2403"]
[PlyCount "71"]
[EventDate "2011.07.09"]
[EventType "swiss"]
[EventRounds "9"]
[EventCountry "RUS"]
[SourceTitle "EXT 2012"]
[Source "ChessBase"]
[SourceDate "2011.11.24"]
[SourceVersion "1"]
[SourceVersionDate "2011.11.24"]
[SourceQuality "1"]

1. e4 e5 2. Nf3 Nc6 3. d4 exd4 4. Nxd4 Bc5 5. Nxc6 Qf6 6. Qd2 dxc6 7. Bd3 Be6 8. 0-0 0-0-0 9. Qg5 Bd4 10. Nc3 c5 11. Qg3 Qg6 12. Nb5 Qxg3 13. hxg3 a6 14. Nxd4 cxd4 15. a4 Ne7 16. f4 f6 17. b4 Kb8 18. Bd2 Nc8 19. b5 axb5 20. axb5 Nb6 21. Rfb1 g6 22. Ba5 f5 23. Bxb6 cxb6 24. e5 g5 25. Rb4 gxf4 26. gxf4 Rhg8 27. Kf2 Rg7 28. Rba4 Kc7 29. Ra8 Bd5 30. g3 Be4 31. Rxd8 Kxd8 32. Bxe4 fxe4 33. Re1 e3+ 34. Kf3 Ke8 35. Rd1 Rd7 36. c3 1-0

[Event "Dvorkovich Memorial op 4th"]
[Site "Taganrog"]
[Date "2009.08.09"]
[Round "8"]
[White "Mandrikin, Igor"]
[Black "Chernyh, V."]
[Result "1-0"]
[WhiteElo "2268"]
[BlackElo "2143"]
[PlyCount "83"]
[EventDate "2009.08.02"]
[EventType "swiss"]
[EventRounds "9"]
[EventCountry "RUS"]
[SourceTitle "EXT 2022"]
[Source "ChessBase"]
[SourceDate "2021.10.06"]
[SourceVersion "1"]
[SourceVersionDate "2021.10.06"]
[SourceQuality "1"]

1. e4 g6 2. d4 d6 3. Nc3 Bg7 4. Be3 Nf6 5. f3 Nc6 6. Qd2 h5 7. d5 Ne5 8. h3 a6 9. f4 Ned7 10. Nf3 c6 11. dxc6 bxc6 12. e5 dxe5 13. fxe5 Nd5 14. Nxd5 cxd5 15. Qxd5 Rb8 16. e6 fxe6 17. Qe4 Ne5 18. Nxe5 Qa5+ 19. c3 Qxe5 20. Qxe5 Bxe5 21. 0-0-0 0-0 22. Bc4 Kg7 23. Rhe1 Bf6 24. g4 hxg4 25. hxg4 Bh4 26. Bd4+ Kh6 27. Rh1 g5 28. Rde1 Rf4 29. Bxe6 Bb7 30. Rh2 Re4 31. Rxe4 Bxe4 32. Bc4 Bf3 33. Be2 Bb7 34. Bf2 Rf8 35. Bxh4 gxh4 36. Rxh4+ Kg7 37. Rh5 Rf2 38. Kd1 Rg2 39. b4 Bc8 40. Rc5 Rg1+ 41. Kd2 Bxg4 42. Rg5+ 1-0

[Event "Dvorkovich Memorial op 4th"]
[Site "Taganrog"]
[Date "2009.08.08"]
[Round "7"]
[White "Stukopin, Andrey"]
[Black "Mandrikin, Igor"]
[Result "1-0"]
[WhiteElo "2398"]
[BlackElo "2268"]
[PlyCount "65"]
[EventDate "2009.08.02"]
[EventType "swiss"]
[EventRounds "9"]
[EventCountry "RUS"]
[SourceTitle "EXT 2022"]
[Source "ChessBase"]
[SourceDate "2021.10.06"]
[SourceVersion "1"]
[SourceVersionDate "2021.10.06"]
[SourceQuality "1"]

1. Nf3 Nf6 2. g3 d5 3. Bg2 Bg4 4. c4 c6 5. cxd5 cxd5 6. Qb3 Bxf3 7. Bxf3 Qd7 8. Nc3 e6 9. 0-0 Nc6 10. Bg2 Be7 11. d3 0-0 12. Bd2 Rac8 13. Rfc1 h6 14. Qa4 a6 15. a3 b5 16. Qxa6 Ra8 17. Qb6 Rfb8 18. Nxd5 Rxb6 19. Nxb6 Qd8 20. Rxc6 Rb8 21. Rac1 Kh7 22. Nc8 Ng4 23. h3 Ne5 24. Nxe7 Qxe7 25. Bb4 Qd8 26. Rc7 Qd4 27. R1c3 h5 28. e3 Qd8 29. Be7 Qg8 30. R3c5 f6 31. Bxf6 Nf7 32. Be4+ Kh6 33. Rxf7 1-0

[Event "Dvorkovich Memorial op 4th"]
[Site "Taganrog"]
[Date "2009.08.03"]
[Round "2"]
[White "Zakharov, Alexander V"]
[Black "Mandrikin, Igor"]
[Result "1-0"]
[WhiteElo "2422"]
[BlackElo "2268"]
[PlyCount "82"]
[EventDate "2009.08.02"]
[EventType "swiss"]
[EventRounds "9"]
[EventCountry "RUS"]
[SourceTitle "EXT 2022"]
[Source "ChessBase"]
[SourceDate "2021.10.06"]
[SourceVersion "1"]
[SourceVersionDate "2021.10.06"]
[SourceQuality "1"]

1. d4 Nf6 2. g3 d5 3. Bg2 e6 4. Nf3 c5 5. c4 cxd4 6. 0-0 Nc6 7. cxd5 exd5 8. Nxd4 Be7 9. Nc3 h6 10. Be3 0-0 11. Qb3 Na5 12. Qc2 Nc4 13. Bf4 Qb6 14. Nxd5 Nxd5 15. Bxd5 Nxb2 16. Nf5 Bf6 17. Be3 Qa5 18. Nxh6+ Kh8 19. Nxf7+ Rxf7 20. Bxf7 Bh3 21. Rfc1 Na4 22. Bd2 Qa6 23. Bc4 Qc6 24. e4 Bxa1 25. Rxa1 Rc8 26. Rc1 Nb6 27. Bb3 Qd7 28. Qd1 Bg4 29. Rxc8+ Qxc8 30. f3 Be6 31. Be3 Nc4 32. Bxa7 b6 33. Qd4 Qa6 34. Bxb6 Qa3 35. Bc5 Qc1+ 36. Qd1 Qh6 37. Bd4 Qh5 38. Qe2 Qf7 39. Kg2 Nd6 40. Qa6 Nc4 41. Qa7 Qh5 1-0

[Event "RUS-ch zt qual 62nd"]
[Site "Armavir"]
[Date "2009.03.??"]
[Round "5"]
[White "Gabrielian, Artur"]
[Black "Mandrikin, Igor"]
[Result "1-0"]
[WhiteElo "2472"]
[BlackElo "2279"]
[PlyCount "37"]
[EventDate "2009.03.21"]
[EventType "swiss"]
[EventRounds "9"]
[EventCountry "RUS"]
[SourceTitle "EXT 2022"]
[Source "ChessBase"]
[SourceDate "2021.10.06"]
[SourceVersion "1"]
[SourceVersionDate "2021.10.06"]
[SourceQuality "1"]

1. e4 c6 2. d4 d5 3. e5 Bf5 4. Nf3 e6 5. Be2 Nd7 6. 0-0 Ne7 7. Nbd2 Rc8 8. c3 c5 9. dxc5 Nxc5 10. Nd4 Bg6 11. Bb5+ Nc6 12. N2b3 Be7 13. f4 0-0 14. Kh1 Nxd4 15. Nxd4 a6 16. Be2 Be4 17. Bf3 b5 18. Bxe4 dxe4 19. Qg4 1-0

[Event "RUS-ch zt qual 62nd"]
[Site "Armavir"]
[Date "2009.03.??"]
[Round "7"]
[White "Lugovskoy, Maxim"]
[Black "Mandrikin, Igor"]
[Result "1/2-1/2"]
[WhiteElo "2014"]
[BlackElo "2279"]
[PlyCount "27"]
[EventDate "2009.03.21"]
[EventType "swiss"]
[EventRounds "9"]
[EventCountry "RUS"]
[SourceTitle "EXT 2022"]
[Source "ChessBase"]
[SourceDate "2021.10.06"]
[SourceVersion "1"]
[SourceVersionDate "2021.10.06"]
[SourceQuality "1"]

1. e4 c5 2. Nf3 d6 3. Bb5+ Bd7 4. Bxd7+ Qxd7 5. 0-0 Nc6 6. c3 g6 7. d4 Bg7 8. Be3 Nf6 9. d5 Na5 10. Qd3 b6 11. Nbd2 0-0 12. h3 Rab8 13. b4 cxb4 14. cxb4 1/2-1/2

[Event "RUS-ch zt qual 62nd"]
[Site "Armavir"]
[Date "2009.03.??"]
[Round "2"]
[White "Mandrikin, Igor"]
[Black "Bryzgalin, Kirill"]
[Result "0-1"]
[WhiteElo "2279"]
[BlackElo "2537"]
[PlyCount "84"]
[EventDate "2009.03.21"]
[EventType "swiss"]
[EventRounds "9"]
[EventCountry "RUS"]
[SourceTitle "EXT 2022"]
[Source "ChessBase"]
[SourceDate "2021.10.06"]
[SourceVersion "1"]
[SourceVersionDate "2021.10.06"]
[SourceQuality "1"]

1. e4 c5 2. Nf3 e6 3. d4 cxd4 4. Nxd4 Nc6 5. Nc3 Qc7 6. Be3 Nf6 7. Bd3 a6 8. 0-0 Ne5 9. h3 b5 10. f4 Nc4 11. Bxc4 Qxc4 12. e5 Nd5 13. Nxd5 Qxd5 14. Qg4 Bb7 15. Rad1 Rc8 16. Rd2 Qe4 17. Qg3 Be7 18. Qf2 f6 19. exf6 gxf6 20. Qf3 Rg8 21. Qxe4 Bxe4 22. Kh2 h5 23. c3 b4 24. cxb4 Bxb4 25. Rdf2 Kf7 26. a3 Be7 27. g3 Rc7 28. Rc1 Rxc1 29. Bxc1 Rc8 30. Be3 d6 31. g4 hxg4 32. hxg4 Rh8+ 33. Kg3 Rh1 34. Ne2 Bc6 35. Nc3 Rg1+ 36. Kh4 Kg7 37. f5 Re1 38. Bb6 e5 39. Rd2 Kf7 40. Nd5 Bf8 41. g5 fxg5+ 42. Kxg5 Bxd5 0-1

[Event "RUS-ch zt qual 62nd"]
[Site "Armavir"]
[Date "2009.03.??"]
[Round "4"]
[White "Mandrikin, Igor"]
[Black "Kudrin, Oleg"]
[Result "1-0"]
[WhiteElo "2279"]
[BlackElo "2033"]
[PlyCount "21"]
[EventDate "2009.03.21"]
[EventType "swiss"]
[EventRounds "9"]
[EventCountry "RUS"]
[SourceTitle "EXT 2022"]
[Source "ChessBase"]
[SourceDate "2021.10.06"]
[SourceVersion "1"]
[SourceVersionDate "2021.10.06"]
[SourceQuality "1"]

1. e4 c5 2. Nf3 e6 3. d4 cxd4 4. Nxd4 Nf6 5. Nc3 Bb4 6. Bd3 e5 7. Nf5 0-0 8. 0-0 d5 9. Nxd5 Nxd5 10. exd5 Qxd5 11. Ne7+ 1-0

[Event "RUS-ch 60th zt"]
[Site "Rostov on Don"]
[Date "2007.03.??"]
[Round "6"]
[White "Denisenko, Denis"]
[Black "Mandrikin, Igor"]
[Result "0-1"]
[WhiteElo "2216"]
[BlackElo "2314"]
[PlyCount "80"]
[EventDate "2007.03.16"]
[EventType "swiss"]
[EventRounds "9"]
[EventCountry "RUS"]
[SourceTitle "EXT 2022"]
[Source "ChessBase"]
[SourceDate "2021.10.06"]
[SourceVersion "1"]
[SourceVersionDate "2021.10.06"]
[SourceQuality "1"]

1. e4 c5 2. Nf3 d6 3. Bb5+ Bd7 4. Bxd7+ Qxd7 5. 0-0 Nc6 6. c3 g6 7. d4 Nf6 8. Qe2 Bg7 9. Rd1 Qg4 10. e5 dxe5 11. dxe5 Nd7 12. h3 Qe6 13. Ng5 Qxe5 14. Qc4 Nd8 15. Na3 a6 16. Bf4 Qf6 17. Qd3 Qc6 18. Nc4 h6 19. Na5 Qc8 20. Ne4 Ne6 21. Bd6 f5 22. Qd5 Ndf8 23. Nxc5 exd6 24. Ncxb7 Be5 25. Nc4 Ke7 26. Nxe5 dxe5 27. Qxe5 Rh7 28. Nd6 Qc5 29. Qe2 Kf6 30. Qf3 Qa7 31. Rd5 Kg7 32. Rad1 Kh8 33. Qe2 Rd7 34. c4 Rad8 35. b4 Qc7 36. c5 Qc6 37. Qe5+ Kh7 38. a3 a5 39. h4 axb4 40. axb4 h5 0-1

[Event "RUS-ch 60th zt"]
[Site "Rostov on Don"]
[Date "2007.03.??"]
[Round "2"]
[White "Travkina, Anastasia"]
[Black "Mandrikin, Igor"]
[Result "1/2-1/2"]
[WhiteElo "2029"]
[BlackElo "2314"]
[PlyCount "95"]
[EventDate "2007.03.16"]
[EventType "swiss"]
[EventRounds "9"]
[EventCountry "RUS"]
[SourceTitle "EXT 2022"]
[Source "ChessBase"]
[SourceDate "2021.10.06"]
[SourceVersion "1"]
[SourceVersionDate "2021.10.06"]
[SourceQuality "1"]

1. e4 c5 2. c3 d6 3. Nf3 Nc6 4. d4 Nf6 5. Bd3 Bg4 6. d5 Nb8 7. 0-0 g6 8. h3 Bxf3 9. Qxf3 Bg7 10. Qe2 0-0 11. Bg5 Ne8 12. f4 Nd7 13. a4 a6 14. a5 b5 15. axb6 Qxb6 16. Kh1 f6 17. Bh4 Nc7 18. Na3 Rab8 19. Nc4 Qb7 20. Ra2 Rfe8 21. Rfa1 Qa8 22. Bc2 Nb6 23. Bd3 Nd7 24. Ne3 Qb7 25. Nc4 Kh8 26. Na5 Qb6 27. Nc6 Ra8 28. Na5 f5 29. exf5 Nxd5 30. Be4 Nxf4 31. Qf3 d5 32. Bxd5 Nxd5 33. Qxd5 Ne5 34. fxg6 Rad8 35. Qe4 Nxg6 36. Bg3 Ra8 37. Nc4 Qf6 38. Ra5 Qg5 39. Qe3 Qxe3 40. Nxe3 Be5 41. Bxe5+ Nxe5 42. Rxa6 Rab8 43. Rb1 Nd3 44. Nc4 e5 45. b3 Nf2+ 46. Kh2 e4 47. Ne3 Rbd8 48. Ra2 1/2-1/2

[Event "Sukhumi op"]
[Site "Sukhumi"]
[Date "2006.08.07"]
[Round "4"]
[White "Tihonov, Jurij"]
[Black "Mandrikin, Igor"]
[Result "1-0"]
[WhiteElo "2492"]
[BlackElo "2313"]
[PlyCount "62"]
[EventDate "2006.08.04"]
[EventType "swiss"]
[EventRounds "9"]
[EventCountry "GEO"]
[SourceTitle "EXT 2011"]
[Source "ChessBase"]
[SourceDate "2010.11.26"]
[SourceVersion "1"]
[SourceVersionDate "2010.11.26"]
[SourceQuality "1"]

1. d4 Nf6 2. c4 e6 3. Nf3 b6 4. a3 Bb7 5. Nc3 d5 6. Bg5 Be7 7. Bxf6 Bxf6 8. cxd5 exd5 9. g3 0-0 10. Bg2 c5 11. 0-0 Nd7 12. Rc1 Rc8 13. Re1 Qe7 14. e3 Rfd8 15. Rc2 Nf8 16. Rd2 Ne6 17. h4 g6 18. Nh2 cxd4 19. exd4 Rc4 20. Nf3 Qc7 21. Bf1 Rc6 22. Ne5 Bxe5 23. Rxe5 Kg7 24. Bg2 Rc4 25. f4 a6 26. Kh2 Qd6 27. Bxd5 Rxc3 28. Bxe6 Rc7 29. Bh3 Rc4 30. d5 f6 31. Re6 Qc7 1-0

[Event "Sukhumi op"]
[Site "Sukhumi"]
[Date "2006.08.05"]
[Round "2"]
[White "Mandrikin, Igor"]
[Black "Kornilov, Peter"]
[Result "1/2-1/2"]
[WhiteElo "2310"]
[BlackElo "2092"]
[PlyCount "62"]
[EventDate "2006.08.04"]
[EventType "swiss"]
[EventRounds "9"]
[EventCountry "GEO"]
[SourceTitle "EXT 2011"]
[Source "ChessBase"]
[SourceDate "2010.11.26"]
[SourceVersion "1"]
[SourceVersionDate "2010.11.26"]
[SourceQuality "1"]

1. e4 c5 2. Nf3 d6 3. d4 cxd4 4. Nxd4 Nf6 5. Nc3 Nc6 6. Bc4 Qb6 7. Nb3 a6 8. Bf4 Qc7 9. a4 g6 10. Bg5 Ng4 11. Nd5 Qd8 12. f4 h6 13. Bh4 g5 14. fxg5 hxg5 15. Bxg5 Nxh2 16. Kd2 Bh6 17. Bxh6 Rxh6 18. Qg1 Ne5 19. Be2 Nhg4 20. Rxh6 Nxh6 21. Nb6 Rb8 22. Qe3 Ng8 23. Rh1 Ng6 24. Bh5 Ne5 25. Be2 Ng6 26. a5 Nf6 27. Nd4 Qc7 28. b4 e6 29. Bd3 Ng4 30. Qg5 N4e5 31. Rh7 Qe7 1/2-1/2